Statistiques concernant Une citation, un animé

Cliquez ici pour prendre le quiz!

Statistiques générales

  • Ce quiz a été pris 62 fois
  • Le résultat moyen est 8 sur 26

Statistiques - réponses

Hint Answer % Correct
« Je suis chauve ! Donc vos gueules ! »One-Punch Man
86%
« C’est seulement lorsqu’on connaît l’amour, que l’on peut connaître la haine. »Naruto
82%
« C'est vrai. On ne doit pas mourir pour ses amies. On doit vivre pour eux. C'est le secret d'un avenir heureux »Fairy Tail
60%
« Nous craignons ce que nos yeux ne peuvent percevoir, pourtant, nous vénéront l’invisible. »Bleach
54%
« Les enseignements qui se font sans douleur n’ont pas de réelle valeur. Ainsi, on ne peut rien obtenir sans faire de sacrifice. Mais une fois la peine surmontée et cette leçon apprise, Vous obtiendrez un cœur plus résistant que l’acier. »FullMetal Alchemist
48%
« Puisque les mots ne servent à rien, tu seras éduquer avec les coups »Shingeki No Kyojin
46%
« Ne pas avoir peur est peut-être la chose la plus terrifiante qui soit. »Assassination Classroom
44%
« Vous devriez profiter des petits détours au maximum, parce que c’est là que vous y trouverez des choses plus importantes que ce que vous vouliez. »Hunter x Hunter
36%
« Sais-tu pourquoi la neige est blanche ? Parce qu'elle a oublié la couleur qu'elle avait avant »Code Geass
32%
« Celui qui rit de l'amour en pleurera un jour »Clannad
26%
« En tant que survivants, nous portons les sentiments de ceux qui sont morts sur nos épaules. »Akame Ga Kill
24%
« En échangeant des notes, vous apprenez à connaître les uns les autres, à comprendre les uns les autres. Comme si vos âmes avaient été connectées et vos cœurs se chevauchaient. Il y a une conversation à travers des instruments. Un miracle qui crée l'harmonie. En ce moment, la musique transcende les mots »Shigatsu Wa Kimi No Uso
24%
« Le seul moyen d’endurer la cruauté est d’être encore plus cruel »Black Butler
22%
« Il est difficile de dire adieu quand on veut rester, compliqué de rire quand on veut pleurer, mais le plus terrible, c’est d’oublier alors que l’on veut aimer. »Swort Art Online
20%
« La mort n'est-elle pas la plus belle des libertés ? »Mirai Nikki
20%
« Même quand les temps sont sombres et douloureux, les gens doivent se sentir chanceux d’être vivant. »Noragami
20%
« L'univers a un début, mais pas de fin. Les étoiles aussi ont leurs propres débuts, mais leur pouvoir résulte en leurs destructions »Stein's Gate
18%
« La liberté ce n’est pas de vivre sans loi, c’est de vivre avec ses propres règles. »Gintama
16%
« Ce mec est tellement stupide que, même si on le tuait, il oublierait de mourir »Ao No Exorcist
16%
« Tu peux jouer n'importe quel personnage, mais au final, tu n'es personne »Psycho-pass
16%
« Seuls les adultes frustrés et les enfants naïfs croient être spécial. »Deadman Wonderland
14%
« Le moins qu’un ami puisse faire, c’est de foutre un peu le bordel dans ton cœur. »Guilty Crown
12%
« Il y a quelque chose en ce monde que personne n'a vu avant. C'est doux et tendre. Peut-être que si ça pouvait être vu, tout le monde voudrait se battre pour. C'est pourquoi personne ne l'a encore vu. Le monde l'a caché afin que personne ne puisse mettre ses mains dessus facilement. Cependant, un jour, quelqu'un le trouvera. La personne qui le mérite le plus la trouvera avec certitude. »Toradora
10%
« L'amour n'est pas écrit sur papier, car il peut être effacé ; L'amour n'est pas gravé sur la pierre, car elle peut être brisée ; L'amour est inscrit sur le cœur et là, il restera à jamais. »AnoHana
10%
« C’est la nature humaine. Nous avons des regrets et nous nous blâmons toujours. »Plastic Memories
8%
« Quand on considère qu’on est en train de faire de son mieux, c’est la preuve qu’on est pas assez exigeant envers soit même. »Pandora Hearts
4%

Distribution des résultats

Percentile by Number Answered

% des personnes avec chaque résultat

Votre développement - résultats

Vous n’avez pas pris ce quiz